Tutti i presidenti della Repubblica Italiana - Statistics

Statistiche generali
  • Questo quiz è stato fatto 131 volte
  • Il punteggio medio è 9 su 12
Statistiche sulle risposte
Mandato Presidenti % Corretto
2006-2015 Giorgio Napolitano
100%
2015- Sergio Mattarella
100%
1978-1985 Sandro Pertini
91%
1999-2006 Carlo Azeglio Ciampi
83%
01/1948-05/1948 Enrico De Nicola
82%
1985-1992 Francesco Cossiga
75%
1964-1971 Giuseppe Saragat
75%
1992-1999 Oscar Luigi Scalfaro
73%
1948-1955 Luigi Einaudi
71%
1971-1978 Giovanni Leone
69%
1955-1962 Giovanni Gronchi
59%
1962-1964 Antonio Segni
56%
Nessun quiz corrispondente trovato
Distribuzione punteggi
Percentuale di utenti per punteggio
Percentile per numero di risposta
I tuoi punteggi nel tempo
Non hai fatto questo quiz